Normal view
MARC view
- Sobhan, Khaled,
Entry Personal Name
001 - CONTROL NUMBER
- control field: 14805
003 - CONTROL NUMBER IDENTIFIER
- control field: NUST
005 - DATE AND TIME OF LATEST TRANSACTION
- control field: 20190613095519.0
008 - FIXED-LENGTH DATA ELEMENTS
- fixed length control field: 190613|| aca||aabn | a|a d
040 ## - CATALOGING SOURCE
- Original cataloging agency: NUST
- Transcribing agency: NUST
100 ## - HEADING--PERSONAL NAME
- Personal name: Sobhan, Khaled,
- Relator term: co-author.
670 ## - SOURCE DATA FOUND
- Source citation: Work cat.: (NUST)0: Das, Braja M., 1941- author. 891, Principles of geotechnical engineering /
